[Event "IX Open"]
[Site "Crema ITA"]
[Date "2007.09.09"]
[Round "6"]
[White "Fizzotti, Mario"]
[Black "Radaelli, Pietro"]
[Result "1-0"]
[WhiteElo "1839"]
[BlackElo "1470"]
[PlyCount "61"]
[EventDate "2007.09.07"]

1. c4 c6 2. e4 d5 3. exd5 cxd5 4. d4 dxc4 5. Bxc4 e6 6. Nf3 Nf6 7. O-O Bd6 8.
Nc3 O-O 9. Re1 Nbd7 10. Ne5 a6 11. Qf3 Rb8 12. Bg5 Qb6 13. Nxd7 Nxd7 14. Ne4
Qxd4 15. Bb3 Be5 16. Be7 Re8 17. Rad1 Qb6 18. Bd6 Bxd6 19. Nxd6 Re7 20. Nf5 Re8
21. Qg3 g6 22. Nd6 Re7 23. Ne4 Kg7 24. Rxd7 Qb4 25. Qe5+ Kh6 26. Rdd1 Rd7 27.
Nc3 Rxd1 28. Rxd1 Ra8 29. Rd4 Qe7 30. Nd5 Qc5 31. Rh4# 1-0

[Event "IX Open"]
[Site "Crema ITA"]
[Date "2007.09.09"]
[Round "6"]
[White "Folcini, Gaddo"]
[Black "Cervini, Ernesto"]
[Result "0-1"]
[WhiteElo "1481"]
[BlackElo "1467"]
[PlyCount "66"]
[EventDate "2007.09.07"]

1. d4 f5 2. e4 fxe4 3. Be2 Nf6 4. Nh3 g6 5. Bg5 Bg7 6. Nc3 d5 7. Qd2 c6 8. Bh6
O-O 9. Bxg7 Kxg7 10. O-O-O Bg4 11. Bxg4 Nxg4 12. Nf4 Qd6 13. g3 Nd7 14. h3 Ngf6
15. g4 e5 16. Nh5+ Kh8 17. Qh6 gxh5 18. g5 Rg8 19. gxf6 Rg6 20. dxe5 Rxh6 21.
exd6 Rxf6 22. Nxe4 dxe4 23. Rd4 Re8 24. c4 Rxf2 25. c5 e3 26. Re1 Kg8 27. a4 a5
28. Rd3 Rf3 29. Kc2 Re5 30. b4 axb4 31. Kb2 Rf2+ 32. Kb1 e2 33. Rd2 Rf1 0-1

[Event "IX Open"]
[Site "Crema ITA"]
[Date "2007.09.09"]
[Round "6"]
[White "Libutti, Michele"]
[Black "Paravella, Alberto"]
[Result "1-0"]
[WhiteElo "1878"]
[BlackElo "1542"]
[PlyCount "69"]
[EventDate "2007.09.07"]

1. d4 d5 2. c4 e6 3. Nc3 Nf6 4. Bg5 Nbd7 5. e3 Be7 6. Nf3 O-O 7. h3 Nb6 8. c5
Nbd7 9. b4 Ne4 10. Nxe4 dxe4 11. Bxe7 Qxe7 12. Nd2 Nf6 13. Qb1 b6 14. Nxe4 Nxe4
15. Qxe4 Rb8 16. Bd3 g6 17. O-O bxc5 18. bxc5 Bb7 19. Qe5 Bd5 20. Rfb1 f6 21.
Qg3 Qd7 22. h4 Kg7 23. h5 Rxb1+ 24. Rxb1 Qf7 25. c6 Re8 26. Rb7 Re7 27. Rxa7
Bxc6 28. a4 e5 29. hxg6 hxg6 30. dxe5 fxe5 31. Ra6 Re6 32. Bc4 Qf6 33. Bxe6
Qxe6 34. Qf3 Qb3 35. Rxc6 1-0

[Event "IX Open"]
[Site "Crema ITA"]
[Date "2007.09.09"]
[Round "6"]
[White "Madaschi, Sergio"]
[Black "Milanesi, Erminio"]
[Result "1/2-1/2"]
[WhiteElo "1469"]
[BlackElo "1862"]
[PlyCount "44"]
[EventDate "2007.09.07"]

1. e4 g6 2. d4 Nh6 3. Nf3 f6 4. Bc4 e6 5. Nc3 Nf7 6. Be3 d6 7. Qe2 Bg7 8. O-O
O-O 9. Rad1 c6 10. h3 d5 11. Bb3 b6 12. Rfe1 Na6 13. Bf4 e5 14. Bg3 exd4 15.
Nxd4 Nb4 16. a3 c5 17. axb4 cxd4 18. Rxd4 Bb7 19. exd5 f5 20. Rd2 Bh6 21. Rd4
Bg7 22. Rd2 Bh6 1/2-1/2

[Event "IX Open"]
[Site "Crema ITA"]
[Date "2007.09.09"]
[Round "6"]
[White "Marrone, Vincenzo"]
[Black "Vigano', Massimo"]
[Result "1/2-1/2"]
[WhiteElo "1939"]
[BlackElo "2103"]
[PlyCount "74"]
[EventDate "2007.09.07"]

1. e4 e6 2. d4 d5 3. Nd2 Nf6 4. e5 Nfd7 5. f4 c5 6. c3 Nc6 7. Ndf3 Qb6 8. Ne2
Be7 9. g3 O-O 10. Bg2 Qa5 11. O-O b5 12. f5 Qd8 13. g4 Nb6 14. Ng3 cxd4 15.
cxd4 f6 16. Bf4 fxe5 17. Nxe5 Nxe5 18. Bxe5 Nc4 19. Qe2 Bf6 20. b3 Bxe5 21.
dxe5 Qb6+ 22. Rf2 Ne3 23. Bf3 Rb8 24. Rc1 Bd7 25. h3 d4 26. fxe6 Qxe6 27. Rc5
Rbc8 28. Ne4 Qe7 29. b4 Bc6 30. Qd3 Bxe4 31. Qxe4 Rxc5 32. bxc5 Qxc5 33. e6
Qc1+ 34. Kh2 Nf1+ 35. Kg2 Ne3+ 36. Kh2 Nf1+ 37. Kg2 Ne3+ 1/2-1/2

[Event "IX Open"]
[Site "Crema ITA"]
[Date "2007.09.09"]
[Round "6"]
[White "Martino, Antonio M."]
[Black "Casale, Anania"]
[Result "1-0"]
[WhiteElo "2005"]
[BlackElo "1703"]
[PlyCount "51"]
[EventDate "2007.09.07"]

1. c4 e5 2. Nc3 Nf6 3. g3 c6 4. Bg2 Be7 5. e4 d6 6. Nge2 O-O 7. O-O Bg4 8. h3
Be6 9. d3 a5 10. f4 exf4 11. gxf4 g6 12. Ng3 Ne8 13. f5 Bd7 14. Qf3 Bf6 15. Be3
Kh8 16. Rad1 Rg8 17. Kh1 Na6 18. Rd2 Qc7 19. d4 c5 20. Nd5 Qd8 21. Nxf6 Qxf6
22. dxc5 Ng7 23. Rxd6 Qd8 24. Rfd1 Nxf5 25. Nxf5 gxf5 26. Bd4+ 1-0

[Event "IX Open"]
[Site "Crema ITA"]
[Date "2007.09.09"]
[Round "6"]
[White "Mombelli, Antonio"]
[Black "Bozuffi, Italo"]
[Result "0-1"]
[WhiteElo "1693"]
[BlackElo "1888"]
[PlyCount "58"]
[EventDate "2007.09.07"]

1. e4 e6 2. d4 c6 3. Nd2 d5 4. c3 dxe4 5. Nxe4 h6 6. Nf3 Nf6 7. Bd3 Nxe4 8.
Bxe4 Nd7 9. O-O Nf6 10. Bd3 Bd6 11. Qe2 Bd7 12. Rd1 Qc7 13. Ne5 Bxe5 14. dxe5
Nd5 15. a3 O-O-O 16. c4 Ne7 17. Bd2 c5 18. b4 Ba4 19. Rdc1 Qd7 20. Rc3 Nc6 21.
Be3 Nxe5 22. Bc2 Bxc2 23. Qxc2 cxb4 24. axb4 Nc6 25. b5 Nd4 26. Qa2 Nf5 27. g3
Nxe3 28. Qxa7 Qd1+ 29. Rxd1 Rxd1# 0-1

[Event "IX Open"]
[Site "Crema ITA"]
[Date "2007.09.09"]
[Round "6"]
[White "Oteri, Aldo"]
[Black "Vetturi, Pietro"]
[Result "1-0"]
[WhiteElo "1957"]
[BlackElo "1742"]
[PlyCount "51"]
[EventDate "2007.09.07"]

1. e4 c5 2. Nf3 e6 3. d4 cxd4 4. Nxd4 Nc6 5. Nc3 Qc7 6. g3 Nf6 7. Bg2 a6 8. a4
Bb4 9. O-O Nxd4 10. Qxd4 Bc5 11. Qd3 O-O 12. a5 e5 13. Bg5 Be7 14. Rfd1 Qd8 15.
Bxf6 Bxf6 16. Bh3 d6 17. Bxc8 Qxc8 18. Qxd6 Rd8 19. Qb6 Rxd1+ 20. Rxd1 Bd8 21.
Qb4 Qc7 22. Qa4 Be7 23. Nd5 Qc5 24. b4 Qd6 25. c4 Bf8 26. Nb6 1-0

[Event "IX Open"]
[Site "Crema ITA"]
[Date "2007.09.09"]
[Round "6"]
[White "Perrotta, Leopoldo"]
[Black "Crimi, Alessandro"]
[Result "1-0"]
[WhiteElo "1875"]
[BlackElo "1918"]
[PlyCount "91"]
[EventDate "2007.09.07"]

1. e4 c5 2. f4 e6 3. Nf3 Nc6 4. Bb5 Nd4 5. Nc3 a6 6. Be2 Ne7 7. O-O Nec6 8. e5
d5 9. exd6 Bxd6 10. Nxd4 Nxd4 11. Ne4 Be7 12. c3 Nc6 13. d3 Qb6 14. Kh1 O-O 15.
Qe1 h6 16. Qf2 f5 17. Nd2 e5 18. Nc4 Qc7 19. fxe5 Nxe5 20. Bf4 Bf6 21. d4 cxd4
22. cxd4 Ng4 23. Bxc7 Nxf2+ 24. Rxf2 Bxd4 25. Rf4 Ba7 26. Nb6 Bxb6 27. Bxb6 g5
28. Bc4+ Kg7 29. Rd4 Rf6 30. Ba5 b5 31. Bb3 Kg6 32. Rad1 Bb7 33. Rd6 g4 34.
Rxf6+ Kxf6 35. Bc3+ Kg5 36. Kg1 Be4 37. g3 Rf8 38. Rd6 Re8 39. Bd2+ f4 40.
Bxf4+ Kf5 41. Rxh6 Bd3 42. Rh5+ Kf6 43. Bd2 Re2 44. Bc3+ Kg6 45. Re5 Be4 46.
Rxe4 1-0

[Event "IX Open"]
[Site "Crema ITA"]
[Date "2007.09.09"]
[Round "6"]
[White "Pezzotta, Gianni"]
[Black "D'Apa, Massimo"]
[Result "1-0"]
[WhiteElo "1718"]
[BlackElo "1521"]
[PlyCount "39"]
[EventDate "2007.09.07"]

1. d4 Nf6 2. Nf3 g6 3. Nbd2 Bg7 4. e4 d6 5. Bd3 O-O 6. c3 Nbd7 7. O-O e5 8. d5
a5 9. Re1 Nc5 10. Bc2 a4 11. a3 Bg4 12. h3 Bxf3 13. Nxf3 Nfd7 14. Be3 f5 15.
exf5 gxf5 16. Ng5 f4 17. Bxh7+ Kh8 18. Qh5 Qf6 19. Bg6+ Kg8 20. Qh7# 1-0

[Event "IX Open"]
[Site "Crema ITA"]
[Date "2007.09.09"]
[Round "6"]
[White "Ranfagni, Stefano"]
[Black "Calvi, Gianluca"]
[Result "1-0"]
[WhiteElo "2031"]
[BlackElo "1885"]
[PlyCount "89"]
[EventDate "2007.09.07"]

1. e4 c5 2. Nc3 d6 3. g3 Nf6 4. Bg2 g6 5. Nge2 Bg7 6. O-O O-O 7. d3 Nc6 8. f4
Bg4 9. h3 Bxe2 10. Nxe2 Qc7 11. Kh2 Rad8 12. c3 Nd7 13. Bd2 Qb8 14. Qc1 e6 15.
f5 Nce5 16. Qc2 b5 17. Nf4 exf5 18. exf5 Nf6 19. Nd5 Nxd5 20. Bxd5 Qc7 21. f6
Bh8 22. Bh6 Rfe8 23. Qd2 Nd7 24. Bg5 Re5 25. Bg2 Rde8 26. Rf2 h6 27. Bxh6 Nxf6
28. Raf1 Rh5 29. Rxf6 Bxf6 30. Rxf6 Qe7 31. Bg5 Qe5 32. h4 Re6 33. Qf4 Rxf6 34.
Bxf6 Qxf4 35. gxf4 Rf5 36. Bg5 f6 37. Be4 Rxg5 38. hxg5 f5 39. Bd5+ Kf8 40. Kg3
a5 41. Kf3 Ke7 42. Ke3 Kf8 43. d4 Ke7 44. dxc5 dxc5 45. a3 1-0

[Event "IX Open"]
[Site "Crema ITA"]
[Date "2007.09.09"]
[Round "6"]
[White "Romagnoli, Franco"]
[Black "Cammarota, Vittorio"]
[Result "1/2-1/2"]
[WhiteElo "2111"]
[BlackElo "1916"]
[PlyCount "67"]
[EventDate "2007.09.07"]

1. e4 e5 2. Nc3 Bc5 3. Bc4 Nf6 4. f4 d6 5. Nf3 Bg4 6. d3 a6 7. fxe5 dxe5 8.
Bxf7+ Kf8 9. Bb3 Nc6 10. Bg5 Nd4 11. Nd5 Bxf3 12. gxf3 Nxb3 13. axb3 c6 14.
Nxf6 gxf6 15. Bh6+ Kf7 16. Qd2 Rg8 17. O-O-O Qb6 18. Qc3 Rg2 19. Kb1 Rag8 20.
Rdf1 a5 21. Bd2 Qb4 22. Be1 b5 23. f4 Qxc3 24. Bxc3 b4 25. Be1 exf4 26. Rxf4
Re2 27. Rf5 Rg5 28. Bg3 Rxf5 29. exf5 Bb6 30. Kc1 Be3+ 31. Kb1 Bb6 32. Re1 Rg2
33. Rf1 Re2 34. Rf4 1/2-1/2

[Event "IX Open"]
[Site "Crema ITA"]
[Date "2007.09.09"]
[Round "6"]
[White "Santandrea, Marco"]
[Black "Gerundino, Nicola"]
[Result "0-1"]
[WhiteElo "1837"]
[BlackElo "1965"]
[PlyCount "114"]
[EventDate "2007.09.07"]

1. e4 c5 2. c3 Nf6 3. e5 Nd5 4. d4 cxd4 5. Nf3 Nc6 6. Bc4 Nb6 7. Bb3 e6 8. cxd4
d6 9. exd6 Bxd6 10. O-O O-O 11. Nc3 a6 12. Be3 Nb4 13. Rc1 Bd7 14. a3 N4d5 15.
Bg5 Be7 16. Bxe7 Nxe7 17. Ne5 Rc8 18. Qd3 Bc6 19. Bc2 g6 20. Rfd1 Nbd5 21. Nxc6
Rxc6 22. Nxd5 Nxd5 23. Bb1 Qc7 24. Rxc6 Qxc6 25. h4 Rc8 26. g3 h5 27. Ba2 Rd8
28. Qd2 Kg7 29. Rc1 Qd6 30. Bxd5 Qxd5 31. Qf4 Qxd4 32. Qxd4+ Rxd4 33. Rc7 b5
34. Ra7 Rd6 35. Kf1 e5 36. Ke2 Kf6 37. Rc7 Ke6 38. Ke3 f5 39. f3 Kd5 40. Rc3 a5
41. Rd3+ Kc5 42. Rc3+ Kb6 43. Rc8 Re6 44. Rb8+ Kc6 45. Rc8+ Kb7 46. Rc2 Kb6 47.
Rc8 a4 48. Rd8 e4 49. fxe4 Rxe4+ 50. Kd3 Rg4 51. Rb8+ Kc6 52. Rc8+ Kb7 53. Rc5
Kb6 54. Re5 Rxg3+ 55. Re3 Rxe3+ 56. Kxe3 Kc5 57. Kf4 Kd4 0-1

[Event "IX Open"]
[Site "Crema ITA"]
[Date "2007.09.09"]
[Round "6"]
[White "Scalcione, Michelangelo"]
[Black "Panizzi, Giuseppe"]
[Result "1-0"]
[WhiteElo "2288"]
[BlackElo "2131"]
[PlyCount "77"]
[EventDate "2007.09.07"]

1. Nf3 Nf6 2. c4 d6 3. d4 g6 4. Nc3 Bg7 5. e4 O-O 6. Be2 Nc6 7. d5 Nb8 8. Rb1
a5 9. a3 Nbd7 10. b4 axb4 11. axb4 c6 12. dxc6 bxc6 13. O-O Qc7 14. Qb3 Bb7 15.
Bd3 h6 16. h3 Rfb8 17. Be3 Bc8 18. Rfc1 Nf8 19. Ra1 Qb7 20. Rxa8 Rxa8 21. e5
Ne8 22. exd6 exd6 23. b5 Be6 24. Be4 Bd7 25. Nd4 Bxd4 26. Bxd4 Ne6 27. Be3 Kh7
28. Rb1 Rb8 29. Qd1 Qc7 30. Qh5 cxb5 31. Qxh6+ Kg8 32. Nd5 Qd8 33. cxb5 Rxb5
34. Ra1 Bc6 35. Rd1 Bxd5 36. Bxd5 N8c7 37. Bd4 Nxd4 38. Qxg6+ Kh8 39. Qh5+ 1-0

[Event "IX Open"]
[Site "Crema ITA"]
[Date "2007.09.09"]
[Round "6"]
[White "Stella, Andrea"]
[Black "Mora, Lorenzo"]
[Result "0-1"]
[WhiteElo "2132"]
[BlackElo "1920"]
[PlyCount "90"]
[EventDate "2007.09.07"]

1. d4 Nf6 2. c4 g6 3. Nc3 Bg7 4. e4 d6 5. f3 O-O 6. Be3 Na6 7. Qd2 Re8 8. Nge2
c5 9. d5 Nc7 10. O-O-O a6 11. g4 b5 12. Ng3 bxc4 13. Bxc4 Nb5 14. Nce2 Nd7 15.
Bh6 Bh8 16. h4 Ne5 17. Bb3 c4 18. Bc2 c3 19. Nxc3 Nc4 20. Qh2 Nxb2 21. Nxb5
axb5 22. h5 g5 23. Qd2 e6 24. Bxg5 Qa5 25. Qxa5 Rxa5 26. Rdf1 Rxa2 27. h6 Bb7
28. Nh5 Rc8 29. Kb1 Ra6 30. Nf6+ Bxf6 31. Bxf6 Nc4 32. Rf2 e5 33. Rh5 Rca8 34.
Bb3 Ra1+ 35. Kc2 R8a2+ 36. Bxa2 Rxa2+ 37. Kd1 Rxf2 38. Rg5+ Kf8 39. Rg7 Ke8 40.
Rxh7 Nb2+ 41. Kc1 Nd3+ 42. Kb1 b4 43. Rh8+ Kd7 44. Rb8 Kc7 45. Bh4 Rg2 0-1

[Event "IX Open"]
[Site "Crema ITA"]
[Date "2007.09.09"]
[Round "6"]
[White "Tagliaferri, Valerio"]
[Black "De Palma, Fabrizio"]
[Result "0-1"]
[WhiteElo "1440"]
[BlackElo "1972"]
[PlyCount "70"]
[EventDate "2007.09.07"]

1. d4 Nf6 2. Nf3 c5 3. c3 e6 4. e3 d5 5. Bd3 Be7 6. Nbd2 O-O 7. Qe2 b6 8. e4
dxe4 9. Nxe4 Nbd7 10. Bg5 Bb7 11. Nxf6+ Nxf6 12. O-O cxd4 13. Rfd1 Qd5 14. cxd4
Rac8 15. a3 h6 16. Bh4 Qh5 17. Bg3 Rfd8 18. Rd2 Bd6 19. Ne5 Qxe2 20. Bxe2 Ne4
21. Rdd1 Nxg3 22. hxg3 Rc2 23. Bh5 g6 24. Bf3 Bxf3 25. gxf3 Rxb2 26. Nc4 Rc2
27. Ne3 Rc3 28. a4 Bxg3 29. fxg3 Rxe3 30. Kf2 Rc3 31. a5 b5 32. a6 Rc4 33. Ra5
Rcxd4 34. Rxd4 Rxd4 35. Rxb5 Ra4 0-1

[Event "IX Open"]
[Site "Crema ITA"]
[Date "2007.09.09"]
[Round "6"]
[White "Tedoldi, Guido"]
[Black "Calvi, Luca"]
[Result "1/2-1/2"]
[WhiteElo "1419"]
[BlackElo "1560"]
[PlyCount "63"]
[EventDate "2007.09.07"]

1. c4 Nf6 2. Nc3 c5 3. Nf3 g6 4. d3 Bg7 5. Bd2 Nc6 6. e3 O-O 7. Be2 b6 8. O-O
Bb7 9. a3 d5 10. Qc2 dxc4 11. dxc4 a6 12. Rab1 Qc7 13. b4 cxb4 14. axb4 Ne5 15.
Nxe5 Qxe5 16. f4 Qc7 17. Qb3 Rab8 18. Bf3 Bxf3 19. Rxf3 e6 20. Be1 Rbc8 21. Na4
Ne4 22. Rc1 b5 23. Nc5 Nxc5 24. bxc5 bxc4 25. Rxc4 Qc6 26. Rf2 Rfd8 27. Rd2
Rxd2 28. Bxd2 Qd5 29. Qc2 Qc6 30. Bc3 Bxc3 31. Qxc3 Rb8 32. Qc2 1/2-1/2

[Event "IX Open"]
[Site "Crema ITA"]
[Date "2007.09.09"]
[Round "6"]
[White "Usuelli, Michele"]
[Black "Codenotti, Marco"]
[Result "0-1"]
[WhiteElo "1527"]
[BlackElo "1969"]
[PlyCount "48"]
[EventDate "2007.09.07"]

1. e4 c5 2. Nf3 g6 3. d4 cxd4 4. Nxd4 Nc6 5. Nc3 Bg7 6. Be3 Nf6 7. Qd2 O-O 8.
O-O-O Ng4 9. Nxc6 bxc6 10. Bd4 Bh6 11. Be3 Nxe3 12. fxe3 Qa5 13. Bd3 Rb8 14. h4
d6 15. h5 Rxb2 16. hxg6 Bg7 17. gxh7+ Kh8 18. e5 Bxe5 19. Ne4 Rb1+ 20. Kxb1
Qb6+ 21. Qb4 Qxb4+ 22. Kc1 Bb2+ 23. Kb1 Ba3+ 24. Ka1 Qb2# 0-1

[Event "II Memorial Jose' Raul Capablanca A"]
[Site "Roma ITA"]
[Date "2007.10.03"]
[Round "4"]
[White "Moscardi, Daniel"]
[Black "Quimi, Marco"]
[Result "1-0"]
[WhiteElo "2011"]
[BlackElo "2334"]
[PlyCount "63"]
[EventDate "2007.09.12"]

1. c4 e5 2. Nc3 Nf6 3. d3 Bb4 4. Bd2 Nc6 5. g3 d5 6. cxd5 Nxd5 7. Bg2 Be6 8.
Nf3 Bxc3 9. bxc3 O-O 10. O-O h6 11. c4 Nf6 12. Rb1 Rb8 13. Qc2 Re8 14. Bc3 Bg4
15. h3 Bd7 16. Nd2 Qc8 17. Kh2 Nd4 18. Qd1 c5 19. e3 Nc6 20. f4 exf4 21. Rxf4
Nh7 22. Ne4 Qc7 23. Qh5 Nd8 24. Rbf1 Re7 25. Nf6+ gxf6 26. Qxh6 Rxe3 27. R1f3
Rxf3 28. Bxf3 Ne6 29. Rg4+ Neg5 30. Rxg5+ Nxg5 31. Bxf6 Nxf3+ 32. Kh1 1-0

[Event "C.to Europeo U12 femminile"]
[Site "Sebenico CRO"]
[Date "2007.09.15"]
[Round "2"]
[White "Ravazzolo, Gaia"]
[Black "Cazacu, Gabriela"]
[Result "1-0"]
[WhiteElo "1437"]
[BlackElo "1515"]
[PlyCount "53"]
[EventDate "2007.09.14"]

1. Nf3 e6 2. d4 d5 3. Bf4 c5 4. e3 Nc6 5. Be2 Qb6 6. b3 Nf6 7. Ne5 cxd4 8. Nxc6
bxc6 9. exd4 Bb4+ 10. c3 Be7 11. O-O Ba6 12. Nd2 O-O 13. Nf3 Rab8 14. Rb1 Rfc8
15. Bxb8 Qxb8 16. Bxa6 Rc7 17. Bd3 c5 18. dxc5 Rxc5 19. c4 dxc4 20. Bxc4 Rh5
21. Re1 Ng4 22. g3 Bc5 23. Rb2 Qb6 24. Ree2 Rf5 25. b4 Be7 26. Qd3 Qc6 27. Nd4
1-0

[Event "C.to Europeo U12 femminile"]
[Site "Sebenico CRO"]
[Date "2007.09.23"]
[Round "9"]
[White "Ravazzolo, Gaia"]
[Black "Balzano, Filli"]
[Result "1/2-1/2"]
[WhiteElo "1437"]
[BlackElo "1455"]
[PlyCount "29"]
[EventDate "2007.09.14"]

1. e4 e5 2. Nf3 Nc6 3. d4 exd4 4. Nxd4 Bc5 5. Be3 Qf6 6. c3 Nge7 7. Bc4 Ne5 8.
Be2 Qg6 9. O-O Qxe4 10. Nd2 Qg6 11. Bh5 Qd3 12. Be2 Qg6 13. Bh5 Qd3 14. Be2 Qg6
15. Bh5 1/2-1/2

[Event "C.to Europeo U14"]
[Site "Sebenico CRO"]
[Date "2007.09.14"]
[Round "1"]
[White "Nikolashvili, Giorgi N."]
[Black "Balzano, Aldo"]
[Result "1-0"]
[WhiteElo "2103"]
[BlackElo "1713"]
[PlyCount "47"]
[EventDate "2007.09.14"]

1. d4 Nf6 2. c4 g6 3. Nc3 Bg7 4. e4 d6 5. Nf3 O-O 6. Be2 e5 7. O-O Nc6 8. Be3
Ng4 9. Bg5 f6 10. Bc1 f5 11. Bg5 Qe8 12. dxe5 dxe5 13. Nd5 Qf7 14. Bd2 Nd8 15.
Ng5 Qd7 16. Bb4 c5 17. Bxc5 Re8 18. exf5 gxf5 19. Bxg4 fxg4 20. Qd3 Bh8 21.
Rae1 Nc6 22. Ne4 Re6 23. f4 exf4 24. Rxf4 1-0

[Event "C.to Europeo U14 femminile"]
[Site "Sebenico CRO"]
[Date "2007.09.17"]
[Round "4"]
[White "Suarez Calvo, Alesandra"]
[Black "Palmitessa, Chiara"]
[Result "1-0"]
[WhiteElo "1970"]
[BlackElo "1617"]
[PlyCount "99"]
[EventDate "2007.09.14"]

1. e4 e5 2. Nf3 Nc6 3. d4 exd4 4. Nxd4 Bc5 5. Be3 Qf6 6. c3 Nge7 7. g3 d5 8.
Bg2 dxe4 9. Nd2 Bb6 10. Nxe4 Qe5 11. f4 Qa5 12. b4 Nxb4 13. cxb4 Qxb4+ 14. Qd2
Qxd2+ 15. Kxd2 Nf5 16. Nxf5 Bxf5 17. Bxb6 axb6 18. Rhc1 O-O-O+ 19. Kc3 Rhe8 20.
Re1 h6 21. a4 Bd7 22. a5 Bc6 23. axb6 cxb6 24. Nd6+ Rxd6 25. Ra8+ Kc7 26. Rexe8
Bxg2 27. Rac8+ Kd7 28. Red8+ Ke6 29. Rxd6+ Kxd6 30. Re8 Bh3 31. Kb4 g6 32. Rf8
Ke7 33. Rb8 Bg2 34. Kb5 Kf6 35. Kxb6 Kf5 36. Rf8 Bd5 37. Kc5 Be6 38. Rb8 g5 39.
fxg5 hxg5 40. Rxb7 Kg4 41. Kd6 Kh3 42. Rb2 Bc8 43. Ke5 Kg4 44. Kf6 Be6 45. Re2
Bb3 46. Re3 Be6 47. Rxe6 fxe6 48. Kxe6 Kh5 49. Kf5 Kh6 50. g4 1-0

[Event "C.to Europeo U14 femminile"]
[Site "Sebenico CRO"]
[Date "2007.09.18"]
[Round "5"]
[White "Palmitessa, Chiara"]
[Black "Lefevre, Margaux"]
[Result "0-1"]
[WhiteElo "1617"]
[BlackElo "1889"]
[PlyCount "66"]
[EventDate "2007.09.14"]

1. e4 c5 2. Nf3 Nc6 3. d4 cxd4 4. Nxd4 Nf6 5. Nc3 d6 6. Be2 Nxd4 7. Qxd4 g6 8.
e5 dxe5 9. Qxe5 Bg7 10. O-O O-O 11. Rd1 Qb6 12. Qxe7 Re8 13. Qd6 Qxd6 14. Rxd6
Bf5 15. Bg5 Ne4 16. Nxe4 Bxe4 17. c3 Bxg2 18. Bc4 Bc6 19. Rad1 Bf3 20. Bb5 Bxd1
21. Bxe8 Bf3 22. Bb5 Rc8 23. Bd7 Rc4 24. Bh3 h6 25. Bf6 Bxf6 26. Rxf6 Bc6 27.
Rd6 Re4 28. b3 Re1+ 29. Bf1 Bf3 30. Rd2 h5 31. c4 h4 32. Rd8+ Kg7 33. Rd2 h3
0-1

[Event "C.to Europeo U16 femminile"]
[Site "Sebenico CRO"]
[Date "2007.09.14"]
[Round "1"]
[White "Mammadova, Gulnar Marfat Qizi"]
[Black "Brunello, Roberta"]
[Result "1-0"]
[WhiteElo "2217"]
[BlackElo "1953"]
[PlyCount "55"]
[EventDate "2007.09.14"]

1. e4 e5 2. Nf3 Nc6 3. c3 Nf6 4. d4 exd4 5. e5 Nd5 6. cxd4 Bb4+ 7. Nbd2 d6 8.
Bb5 Bd7 9. Qb3 Nce7 10. Bc4 Bc6 11. O-O Bxd2 12. Bxd2 O-O 13. Rfe1 dxe5 14.
Rxe5 Qd7 15. Rae1 Ng6 16. Rxd5 Bxd5 17. Bxd5 c6 18. Be4 Rad8 19. Bc3 Rfe8 20.
Ne5 Nxe5 21. dxe5 Qc7 22. g3 Rd7 23. Qc2 h6 24. Bh7+ Kh8 25. Bf5 Rde7 26. Qd2
Kg8 27. Qd4 b5 28. Bc2 1-0

[Event "C.to Europeo U16 femminile"]
[Site "Sebenico CRO"]
[Date "2007.09.19"]
[Round "6"]
[White "Brunello, Roberta"]
[Black "Paulauskaite, Gintare"]
[Result "1/2-1/2"]
[WhiteElo "1953"]
[BlackElo "2015"]
[PlyCount "78"]
[EventDate "2007.09.14"]

1. e4 e6 2. d4 d5 3. e5 c5 4. c3 Qb6 5. Nf3 Nc6 6. a3 Bd7 7. b4 cxd4 8. cxd4
Rc8 9. Bb2 Na5 10. Nbd2 Nc4 11. Nxc4 dxc4 12. Rc1 a5 13. Bxc4 Bxb4+ 14. axb4
Qxb4+ 15. Nd2 Qxb2 16. Ne4 Qb4+ 17. Qd2 Qxd2+ 18. Kxd2 Ke7 19. Nd6 Rb8 20. Bb5
Bxb5 21. Nxb5 Nh6 22. Rc7+ Kd8 23. Rhc1 Re8 24. Nd6 Re7 25. Rxe7 Kxe7 26. Rc7+
Kf8 27. Nxb7 Nf5 28. Nxa5 Nxd4 29. Nc4 Nb5 30. Rc5 Ke7 31. Kd3 f6 32. exf6+
Kxf6 33. Nd2 Nd6 34. Ne4+ Nxe4 35. Kxe4 Rb4+ 36. Ke3 Rb3+ 37. Ke4 Rb2 38. Ke3
Rb3+ 39. Ke4 Rb2 1/2-1/2

[Event "C.to Europeo U16 femminile"]
[Site "Sebenico CRO"]
[Date "2007.09.20"]
[Round "7"]
[White "Ni, Viktorija"]
[Black "Brunello, Roberta"]
[Result "1-0"]
[WhiteElo "2147"]
[BlackElo "1953"]
[PlyCount "81"]
[EventDate "2007.09.14"]

1. d4 d5 2. Nf3 Nf6 3. c4 e6 4. Nc3 c6 5. Bg5 Nbd7 6. e3 Be7 7. Qc2 O-O 8. Rd1
a6 9. a3 Re8 10. Bd3 dxc4 11. Bxc4 b5 12. Bd3 Qb6 13. Ne5 h6 14. Bh4 c5 15. O-O
Bb7 16. Bg3 Rac8 17. Qe2 Red8 18. Kh1 b4 19. axb4 cxd4 20. exd4 Bxb4 21. Ne4
Nxe4 22. Bxe4 Bxe4 23. Qxe4 Nxe5 24. Bxe5 Bd6 25. f4 Rc4 26. Qe2 Qc6 27. Qg4
Bxe5 28. fxe5 Qd7 29. Rf4 Kh8 30. h4 Rc2 31. Rdf1 Rf8 32. Qh5 Kg8 33. Rg4 Kh7
34. Rgf4 Rd2 35. Qg4 Kh8 36. R1f3 Rg8 37. Kh2 Rf8 38. Rg3 Rg8 39. Rf6 g6 40.
Qf4 Qxd4 41. Qxh6# 1-0

[Event "C.to Europeo U16 femminile"]
[Site "Sebenico CRO"]
[Date "2007.09.21"]
[Round "8"]
[White "Brunello, Roberta"]
[Black "Kulon, Klaudia"]
[Result "0-1"]
[WhiteElo "1953"]
[BlackElo "2170"]
[PlyCount "66"]
[EventDate "2007.09.14"]

1. e4 e5 2. Nf3 Nc6 3. d4 exd4 4. Nxd4 Nf6 5. Nc3 Bb4 6. Nxc6 bxc6 7. Bd3 d5 8.
exd5 cxd5 9. O-O O-O 10. Bg5 c6 11. Na4 Bd6 12. c3 h6 13. Bh4 Re8 14. Bc2 a5
15. Qf3 g5 16. Bg3 Bg4 17. Qd3 Be2 18. Qd4 Bxf1 19. Rxf1 Ne4 20. f4 g4 21. Be1
Bb8 22. Qd1 f5 23. h3 h5 24. b3 Qf6 25. Qd3 Qh6 26. c4 Bxf4 27. cxd5 Rad8 28.
d6 Nxd6 29. Bf2 Be3 30. Bxe3 Qxe3+ 31. Qxe3 Rxe3 32. Bxf5 Nxf5 33. Rxf5 g3 0-1

[Event "XVII C.to Mondiale seniores"]
[Site "Gmunden AUT"]
[Date "2007.09.21"]
[Round "5"]
[White "Anguera Maestro, Jaime"]
[Black "Rosino, Antonio"]
[Result "1/2-1/2"]
[WhiteElo "2218"]
[BlackElo "2275"]
[PlyCount "46"]
[EventDate "2007.09.17"]

1. d4 Nf6 2. Nf3 e6 3. g3 d5 4. Bg2 c5 5. c3 Nc6 6. O-O Be7 7. Nbd2 O-O 8. e3
Qc7 9. b3 e5 10. Nxe5 Nxe5 11. dxe5 Qxe5 12. Bb2 Bg4 13. Qe1 Qh5 14. f3 Bh3 15.
Qf2 Bxg2 16. Kxg2 Rad8 17. Rad1 Rd6 18. c4 Rfd8 19. Bxf6 Bxf6 20. Qe2 Qe5 21.
e4 Qe7 22. cxd5 Rxd5 23. Nc4 Rxd1 1/2-1/2

[Event "XVII C.to Mondiale seniores"]
[Site "Gmunden AUT"]
[Date "2007.09.23"]
[Round "6"]
[White "Rosino, Antonio"]
[Black "Kozarcanin, Sead"]
[Result "1-0"]
[WhiteElo "2275"]
[BlackElo "2184"]
[PlyCount "110"]
[EventDate "2007.09.17"]

1. e4 e5 2. Nf3 Nc6 3. Bb5 a6 4. Ba4 g6 5. d4 exd4 6. c3 dxc3 7. Nxc3 Bg7 8.
Bg5 f6 9. Bf4 Nge7 10. Nd5 d6 11. Bb3 Bg4 12. Rc1 Rc8 13. Rc3 Ne5 14. Qc1 Nxd5
15. Bxd5 c6 16. Bb3 Qd7 17. Bh6 Bxf3 18. gxf3 g5 19. Bxg7 Qxg7 20. f4 gxf4 21.
Qxf4 Qg5 22. Qg3 Qxg3 23. Rxg3 Rc7 24. Rhg1 Re7 25. Ke2 Kd7 26. f3 Rhe8 27. h4
Ng6 28. Rh1 f5 29. Bc2 d5 30. h5 Ne5 31. f4 Nc4 32. e5 Nd6 33. h6 Ne4 34. Rg2
Ke6 35. Ke3 c5 36. Bxe4 dxe4 37. Rd1 Rd7 38. Rxd7 Kxd7 39. Rd2+ Ke7 40. Rd6 Rd8
41. Rb6 Rb8 42. a4 c4 43. a5 Rd8 44. Rxb7+ Ke6 45. Rb6+ Kd5 46. Rxa6 Kc5 47.
Rf6 Rd3+ 48. Ke2 Rb3 49. Rxf5 Kd4 50. e6 Rxb2+ 51. Kd1 e3 52. e7 e2+ 53. Ke1
Kd3 54. Rd5+ Ke4 55. e8=Q+ Kf3 1-0